00783nam a22002177a 450000500170000001000120001702000350002902000350006403700310009908200140013010000280014424500530017225000060022526000520023127001760028330000270045930000270048649000080051394200250052199900190054620260301164016.0 aBACEN26 a9789365576320 (Vol-1)c1895.00 a9789365570946 (Vol-2)c1495.00 bHimalaya Publishing House  23a332.45 aChatterjee, Arun987990 aPrinciples of Foreign Exchange/cArun Chatterjee a3 aMumbaibHimalaya Publishing House Pvt Ltdc2026 aVishal Industrial Estate, Ist Floor, Office No. 63/64, Bhandup Village Road, Subhash Nagar (Opp Ceat Tyres) Nahur(W)bMumbaie400078mhimpub@bharatmail.co.ink022-35131464 a517p.bIndexc25cm(hb) a335p.bIndexc25cm(hb) v1,2 2ddccENmCHAh332.45 c215162d215162